00360nam a2200133Ia 4500008004100000020001500041041001200056100002000068245007300088260002500161300000800186650001500194700001700209221030s9999 xx 000 0 und d a8120348165 aEnglish aM. Govindarajan 0aProfessional Ethics & Human Valuescby M. Govindarajan, S. Natarajan bPHIaNew Delhic2013 a132 aManagement aS. Natarajan